| 000 | 01798nab a2200301 i 4500 | ||
|---|---|---|---|
| 003 | DO-SdBNP | ||
| 005 | 20260511093904.0 | ||
| 007 | ta | ||
| 008 | 260511e2013 dr un|p|r||||||0| | spa d | ||
| 040 |
_aDO-SdBNP _bspa _cBNPHU _erda |
||
| 041 | _aspa | ||
| 100 |
_aOlier, Isis _989514 _edoctora |
||
| 245 |
_aTrasplante hepático / _cIsis Olier. |
||
| 264 |
_aSanto Domingo, República Dominicana : _bCentro-Neuro-Oftalmológico y de Trasplante (CECANOT), _c2013. |
||
| 300 |
_apágina 5 : _bilustraciones, fotografías ; _c28 cm. |
||
| 310 | _aDesconocida. | ||
| 336 |
_atexto _btxt _2rdacontent |
||
| 337 |
_asin mediación _bn _2rdamedia |
||
| 338 |
_avolumen _bnc _2rdacarrier |
||
| 362 | _aVolumen 3, (Año 2013). | ||
| 520 | _aEl trasplante hepático es una modalidad terapéutica que consiste en un conjunto de actividades secuenciales para el tratamiento médico-quirurgico al paciente afectado de una enfermedad hepática crónica avanzada o aguda irreversible, que es evaluado e incluido en listas de espera para sustituir su hígado enfermo por un hígado sano, parcial o totalmente, cadavérico o un donante vivo con el objetivo de normalizar la función hepatica y mejorar su calidad de vida. | ||
| 521 | _aEl trasplante hepático no solo representa una magnifica herramienta asistencial, sino que también representa una gran mejora en nuestro sistema de salud. | ||
| 650 | 0 |
_aTrasplante hepático _989516 _vPublicaciones periódicas _zRepública Dominicana |
|
| 650 | 0 |
_aEnfermedades hepáticas _93266 _vPublicaciones periódicas _zRepública Dominicana |
|
| 650 | 0 |
_aHígado _989517 _xEnfermedades _vPublicaciones periódicas _zRepública Dominicana |
|
| 773 | 0 |
_060692 _9337470 _aRepública Dominicana. _o2026-3633 _tDonación y trasplante / _w(DR-UNIBE)48788 |
|
| 942 |
_2ddc _cISSUE |
||
| 999 |
_c60699 _d60699 |
||